000 00988nam a2200301 a 4500
001 54894
005 20230410143416.0
008 070321s2006 bl a s000 0cpor
010 _a 2007315273
035 _a(OCoLC)ocn136787920
040 _aDLC
_cDLC
035 _a(OCoLC)136787920
042 _alcode
043 _as-bl---
050 1 4 _aF2546
_b.A627 2006
049 _aGRAL
100 1 _aAntonaccio, Gaitano,
_d1940-
245 1 0 _aPolĂ­ticos influentes no Amazonas, de 1889 a 2005 /
_cGaitano Laertes Pereira Antonaccio.
260 _aManaus, Amazonas, Brasil :
_bImprensa Oficial do Estado do Amazonas,
_c2006.
300 _a574 p. :
_bill. ;
_c23 cm.
651 0 _aAmazonas (Brazil)
_xPolitics and government
_y19th century.
651 0 _aAmazonas (Brazil)
_xPolitics and government
_y20th century.
651 0 _aPoliticians
_zBrazil
_zAmazonas
_vBiography.
651 0 _aAmazonas (Brazil)
_vBiography.
942 _2lcc
_cbk
946 _aclperez
994 _aC0
_bDRFGD
999 _c101132
_d101132